| 000 | 02119nam0a2200397 4500 | ||
|---|---|---|---|
| 001 | RU\NLR\bibl\1263015 | ||
| 005 | 20260405161746.0 | ||
| 010 |
_a978-5-94587-194-6 _91000 |
||
| 021 |
_aRU _b2008-45381 _92507 |
||
| 035 | _a(nilc)RSL-KNO-004071910 | ||
| 035 | _a(NLR Aleph) 001248994 | ||
| 090 |
_a306898 _c306898 |
||
| 100 | _a20080616d2007 |||y0rusy50 ca | ||
| 101 | 0 | _arus | |
| 102 | _aRU | ||
| 105 | _aa z ||||| | ||
| 200 | 1 |
_aКлинические проявления вторичного иммунодефицита при заболеваниях ЛОР органов _fА. Г. Волков, С. Л. Трофименко |
|
| 210 |
_aМосква _cДжангар _d2007 |
||
| 215 |
_a174 с. _cил., табл. _d20 |
||
| 300 | _aНа обороте тит. л. авт.: А.Г. Волков, засл. врач РФ, проф., д.м.н., акад. РОс. акад. естествознания, С.Л. Трофименко, к.м.н., проф. | ||
| 320 | _aБиблиогр.: с. 160-174 | ||
| 606 | 1 |
_aИммунодефицитные состояния при болезнях лорорганов _92525657 _3RU\NLR\auth\661496311 |
|
| 610 | 0 | _aЗдравоохранение. Медицинские науки -- Оториноларингология -- Болезни верхних дыхательных путей -- Осложнения и последствия -- Практические руководства | |
| 610 | 0 | _aиммунодефицитные состояния | |
| 686 |
_aР682-7я81 _2rubbk |
||
| 686 | _aР41,2-37 | ||
| 686 | _aР68-37 | ||
| 700 | 1 |
_4070 _8rus _7ca _aВолков _bА. Г. _cд-р мед. наук, оториноларинголог _gАлександр Григорьевич _3RU\NLR\auth\7768171 _951099 |
|
| 701 | 1 |
_4070 _8rus _7ca _aТрофименко _bС. Л. _f1939- _gСветлана Леонидовна _3RU\NLR\auth\7768173 _951101 |
|
| 801 | 0 |
_aRU _bРКП _c20080616 _grcr |
|
| 801 | 1 |
_aRU _bРГБ _c20080616 |
|
| 801 | 2 |
_aRU _bNLR _c20080818 _grcr |
|
| 830 | _aавт. по кн. | ||
| 942 | _cBOOK | ||
| 980 | _aNB | ||